Państwa Europy w pięciokącie - Statystyki

Ogólne statystyki
  • Ten quiz został rozwiązany 184 razy
  • Średni wynik to 25 z 26
Odpowiedzi na mapie
Odpowiedzi zakodowano w zielono-czerwonej skali na mapie do tego quizu, zgodnie z poniższymi procentami.
 
Statystyki odpowiedzi
Państwo % Poprawnych
Czechy
99%
Francja
99%
Hiszpania
99%
Niemcy
99%
Polska
99%
Wielka Brytania
99%
Włochy
99%
Austria
98%
Belgia
98%
Holandia
98%
Irlandia
98%
Luksemburg
98%
Norwegia
98%
Słowenia
98%
Szwajcaria
98%
Szwecja
98%
Dania
97%
Andora
96%
Chorwacja
96%
Monako
96%
San Marino
96%
Watykan
96%
Liechtenstein
95%
Słowacja
95%
Węgry
95%
Bośnia i Hercegowina
93%
Nie znaleziono quizów pasujących do podanych kryteriów
Rozkład punktacji
Procent ludzi z każdym wynikiem
Percentyl według liczby udzielonych odpowiedzi
Twoja historia wyników
Nie rozwiązałeś tego quizu